000 00418nam a2200205Ia 4500
001 12704
003 GE_BSU
008 181216s||||||||xx |||||||||||||| ||und||
020 _a9780349116648
040 _cGE_BSU
080 _a821.111-312.4
100 _aBabks,Lain
245 _aDead Air
260 _aLondon
260 _bAbacus
260 _c2002
300 _a436p.20cm.
653 _aDead Air
942 _cBK
999 _c45875
_d45875